Microsoft Access 2010 : a case approach : A case approach

Office 2010: A Case Approach offers running case study throughout the text to help students understand the material in a consistent, relevant environment. Through this theme of “Making Office Relevant,” this text helps students understand why they need this course and these skills. Student success i...

Celý popis

Uloženo v:
Podrobná bibliografie
Hlavní autor: O'leary, Timothy J.
Médium: Kniha
Jazyk:Undetermined
Vydáno: New York McGraw Hill 2011
Témata:
Tagy: Přidat tag
Žádné tagy, Buďte první, kdo otaguje tento záznam!
Thư viện lưu trữ: Trung tâm Học liệu Trường Đại học Cần Thơ
LEADER 01096nam a2200217Ia 4500
001 CTU_210109
008 210402s9999 xx 000 0 und d
020 |c 105.3 
082 |a 005.7565 
082 |b O.45 
100 |a O'leary, Timothy J. 
245 0 |a Microsoft Access 2010 : a case approach : 
245 2 |b A case approach 
245 0 |c Timothy J. O'Leary, Linda I. O'Leary 
260 |a New York 
260 |b McGraw Hill 
260 |c 2011 
520 |a Office 2010: A Case Approach offers running case study throughout the text to help students understand the material in a consistent, relevant environment. Through this theme of “Making Office Relevant,” this text helps students understand why they need this course and these skills. Student success is assured through clear step-by-step instruction, plentiful screen captures and conceptual explanations 
650 |a Microsoft Access,Database management,Quản lý cơ sở dữ liệu,Phần mềm Access 
904 |i Lê Thị Mỹ Linh (Tuyến) 
980 |a Trung tâm Học liệu Trường Đại học Cần Thơ